[Event "Débutant"]
[Site "http://www.queenalice.com/game.php?id=1800011"]
[Date "2022.11.16"]
[Round "-"]
[White "Charlie"]
[Black "nicassagne"]
[Result "0-1"]
[WhiteElo "1932"]
[BlackElo "1975"]

1. e4 e5 2. Nf3 Nc6 3. d4 exd4 4. Bc4 Nf6 5. O-O d5 6. exd5 Nxd5 7. Re1+ Be7 8.
Nxd4 Nxd4 9. Qxd4 Nf6 10. Qxd8+ Kxd8 11. Bg5 h6 12. Bf4 Be6 13. Bxe6 fxe6 14.
Rxe6 Kd7 15. Re2 Rae8 16. Nc3 Bb4 17. Rd1+ Kc8 18. Rde1 Bxc3 19. Rxe8+ Rxe8 20.
Rxe8+ Nxe8 21. bxc3 b5 22. Be3 a5 23. Bf4 Kd7 24. Kf1 c6 25. Ke2 Ke6 26. Ke3 c5
27. Bg3 Kd5 28. Kd2 Nf6 29. f3 Nd7 30. Kd3 Nb6 31. Bc7 Nc4 32. Bf4 Nb2+ 33. Ke2
Na4 34. Kd2 Nb2 35. h3 Nc4+ 36. Ke2 Na3 37. Bc7 a4 38. Kd3 Nc4 39. Bg3 Nb2+ 40.
Ke2 Nc4 41. Be1 Na3 42. Kd2 Kc4 43. Kc1 Kd5 44. Bh4 Nc4 45. Be7 g6 46. g3 h5 47.
g4 Ne5 48. Kd1 Nxf3 49. Ke2 Ng1+ 0-1

[Event "Let's Play Chess!"]
[Site "http://www.queenalice.com/game.php?id=1800037"]
[Date "2022.11.17"]
[Round "-"]
[White "Charles56"]
[Black "nicassagne"]
[Result "0-1"]
[WhiteElo "1616"]
[BlackElo "1500"]

1. e4 e5 2. Nf3 Nc6 3. a3 Nf6 4. d3 d5 5. exd5 Nxd5 6. Bg5 Be7 7. Bxe7 Qxe7 8.
Qd2 O-O 9. Nc3 Nxc3 10. Qxc3 e4 11. dxe4 Qxe4+ 12. Be2 Bf5 13. Rc1 Rfe8 14. Qe3
Qa4 15. Qb3 Qxb3 16. cxb3 Bd3 17. O-O Bxe2 18. Rfe1 Bxf3 19. gxf3 Kf8 20. Rxe8+
Rxe8 21. b4 Re2 22. Rb1 Nd4 23. Kg2 Ne6 0-1

[Event "Let's Play Chess!"]
[Site "http://www.queenalice.com/game.php?id=1800038"]
[Date "2022.11.17"]
[Round "-"]
[White "nicassagne"]
[Black "Charles56"]
[Result "1-0"]
[WhiteElo "1758"]
[BlackElo "1616"]

1. e4 e5 2. Nf3 d6 3. d4 exd4 4. Nxd4 a6 5. Bd3 h6 6. O-O Nf6 7. Nc3 Bg4 8. f3
Bd7 9. f4 c5 10. Nf3 b5 11. e5 dxe5 12. fxe5 Ng4 13. h3 Be7 14. hxg4 Bxg4 15.
Be4 h5 16. Qxd8+ Kxd8 17. Bxa8 c4 18. Ng5 Bxg5 19. Bxg5+ Ke8 20. Bf3 Nd7 21.
Bxg4 hxg4 22. Rae1 Nc5 23. Ne4 Nxe4 24. Rxe4 Rh5 25. Rxg4 1-0

[Event "AUTO-INT-3782"]
[Site "http://www.queenalice.com/game.php?id=1800581"]
[Date "2022.11.24"]
[Round "1"]
[White "Castling"]
[Black "nicassagne"]
[Result "0-1"]
[WhiteElo "1736"]
[BlackElo "1912"]

1. e4 e5 2. Bb5 Nf6 3. d3 c6 4. Bc4 d5 5. exd5 cxd5 6. Bb5+ Nc6 7. Nf3 Qa5+ 8.
Nc3 d4 9. Bxc6+ bxc6 10. Nxe5 Qxe5+ 11. Ne2 Bd6 12. Bf4 Qc5 13. Bxd6 Qxd6 14.
Qd2 O-O 15. O-O-O c5 16. c4 dxc3 17. bxc3 Rb8 18. c4 Qa6 19. Nc3 Qa3+ 0-1

[Event "AUTO-INT-3782"]
[Site "http://www.queenalice.com/game.php?id=1800582"]
[Date "2022.11.24"]
[Round "1"]
[White "nicassagne"]
[Black "Castling"]
[Result "1-0"]
[WhiteElo "1940"]
[BlackElo "1703"]

1. d4 d5 2. c4 e6 3. Nc3 Bb4 4. Nf3 h6 5. Bf4 Nf6 6. Qa4+ Nc6 7. e3 Bxc3+ 8.
bxc3 Bd7 9. Qc2 Ne4 10. Bd3 Nf6 11. O-O Nh5 12. cxd5 Nxf4 13. dxc6 Nxd3 14.
cxd7+ Qxd7 15. Qxd3 O-O-O 16. Ne5 Qe7 17. Qe4 f5 18. Qf3 g5 19. Rab1 b6 20. Qa8#
1-0

[Event "AUTO-INT-3782"]
[Site "http://www.queenalice.com/game.php?id=1800597"]
[Date "2022.11.24"]
[Round "1"]
[White "Curie"]
[Black "nicassagne"]
[Result "0-1"]
[WhiteElo "1578"]
[BlackElo "1871"]

1. e4 e5 2. d3 Nf6 3. Nf3 Nc6 4. Nc3 Bc5 5. Bg5 h6 6. Bh4 O-O 7. Be2 d6 8. O-O
Be6 9. a3 g5 10. Nxg5 hxg5 11. Bxg5 Nd4 12. b4 Bb6 13. Qd2 Kh7 14. h4 Rg8 15. f3
Nxf3+ 16. Kh1 Nxd2 17. Rxf6 Rxg5 0-1

[Event "AUTO-INT-3782"]
[Site "http://www.queenalice.com/game.php?id=1800598"]
[Date "2022.11.24"]
[Round "1"]
[White "nicassagne"]
[Black "Curie"]
[Result "1-0"]
[WhiteElo "1901"]
[BlackElo "1578"]

1. d4 d5 2. c4 dxc4 3. e4 Nc6 4. Nf3 b5 5. a4 Nb4 6. axb5 Nd3+ 7. Bxd3 cxd3 8.
Qxd3 e6 9. O-O Nf6 10. Nc3 Bb7 11. Rd1 c5 12. bxc6 Bxc6 13. d5 exd5 14. Ne5 Bc5
15. Nxc6 Qd6 16. exd5 Ng4 17. Qe4+ Ne5 18. Qxe5+ Kd7 19. Qf5+ Kc7 20. Nb5+ 1-0

[Event "AUTO-INT-3782"]
[Site "http://www.queenalice.com/game.php?id=1800609"]
[Date "2022.11.24"]
[Round "1"]
[White "nicassagne"]
[Black "Piondanslevent"]
[Result "1-0"]
[WhiteElo "1844"]
[BlackElo "1550"]

1. d4 d5 2. c4 dxc4 3. e4 b5 4. a4 c6 5. axb5 cxb5 6. Nc3 b4 7. Nb5 a6 8. Bxc4
e6 9. Bf4 a5 10. Nc7+ Ke7 11. Nxa8 Bb7 12. Nc7 Nc6 13. d5 exd5 14. Nxd5+ Ke6 15.
Qg4+ 1-0

[Event "AUTO-INT-3782"]
[Site "http://www.queenalice.com/game.php?id=1800610"]
[Date "2022.11.24"]
[Round "1"]
[White "Piondanslevent"]
[Black "nicassagne"]
[Result "0-1"]
[WhiteElo "1544"]
[BlackElo "1892"]

1. e4 e5 2. b3 Nf6 3. d3 d5 4. exd5 Nxd5 5. c4 Nb4 6. a3 Qd4 7. axb4 Qxa1 8. Be3
Bxb4+ 9. Bd2 Bxd2+ 10. Kxd2 O-O 11. f3 Nc6 12. Ne2 Rd8 13. Ke1 Bf5 14. Nec3 Nb4
15. Be2 Nxd3+ 16. Bxd3 Rxd3 17. Qe2 Rxc3 18. g4 Qxb1+ 0-1

[Event "AUTO-ADV-4661"]
[Site "http://www.queenalice.com/game.php?id=1801762"]
[Date "2022.12.12"]
[Round "1"]
[White "nicassagne"]
[Black "SamuraiJOM"]
[Result "1-0"]
[WhiteElo "2062"]
[BlackElo "1859"]

1. d4 d5 2. c4 dxc4 3. e4 c6 4. Bxc4 Be6 5. Bxe6 fxe6 6. Nf3 h6 7. Qb3 Qd7 8.
Ne5 Qc7 9. Qxe6 Nd7 10. Qg6+ Kd8 11. Nf7+ Kc8 12. Nxh8 e5 13. dxe5 b5 14. Bf4
Nxe5 15. Qe6+ Kb7 16. Bxe5 Qe7 17. Qxe7+ Nxe7 18. Nc3 b4 19. Na4 Nc8 20. Ng6 Bd6
21. O-O-O Bxe5 22. Nxe5 Nb6 23. Nxb6 axb6 24. Rd7+ Ka6 25. Rhd1 c5 26. R1d6 Re8
27. Nc4 Rb8 28. e5 g5 29. e6 Kb5 30. b3 g4 31. e7 h5 32. e8=Q Rxe8 33. Rxb6# 1-0

[Event "AUTO-ADV-4661"]
[Site "http://www.queenalice.com/game.php?id=1801763"]
[Date "2022.12.12"]
[Round "1"]
[White "SamuraiJOM"]
[Black "nicassagne"]
[Result "0-1"]
[WhiteElo "1855"]
[BlackElo "2073"]

1. e4 c5 2. Nc3 Nc6 3. Nf3 g6 4. a3 Bg7 5. Bc4 e6 6. d3 Nge7 7. Bd2 O-O 8. Qe2
d5 9. Ba2 Nd4 10. Nxd4 cxd4 11. Nb5 a6 12. Nxd4 Bxd4 13. c3 Bg7 14. O-O dxe4 15.
d4 b5 16. Qxe4 Qb6 17. Be3 Bb7 18. Qd3 Nf5 19. b4 Nxe3 20. Qxe3 Qc6 21. f3 a5
22. Rac1 axb4 23. cxb4 Qb6 24. Kh1 Bxd4 25. Qe2 Rxa3 26. Bb1 Rc8 27. Rxc8+ Bxc8
28. Bd3 Bd7 29. h4 e5 30. Be4 Qf6 31. g3 Qe6 32. g4 Ra2 33. Qd3 Qf6 34. g5 Qf4
0-1

[Event "AUTO-ADV-4661"]
[Site "http://www.queenalice.com/game.php?id=1801764"]
[Date "2022.12.12"]
[Round "1"]
[White "nicassagne"]
[Black "kakocarvalho"]
[Result "1-0"]
[WhiteElo "2018"]
[BlackElo "1699"]

1. d4 Nf6 2. c4 g6 3. Nc3 Bg7 4. e4 d6 5. h3 O-O 6. Nf3 Nbd7 7. Be3 e5 8. d5 Nc5
9. Qc2 a5 10. Be2 a4 11. O-O h5 12. b4 axb3 13. axb3 Bd7 14. b4 Na6 15. c5 Nxb4
16. Qb3 Rxa1 17. Rxa1 Na6 18. c6 Bxh3 19. gxh3 1-0

[Event "AUTO-ADV-4661"]
[Site "http://www.queenalice.com/game.php?id=1801765"]
[Date "2022.12.12"]
[Round "1"]
[White "kakocarvalho"]
[Black "nicassagne"]
[Result "0-1"]
[WhiteElo "1699"]
[BlackElo "2024"]

1. Nf3 d5 2. c4 e6 3. e3 Nf6 4. b3 c5 5. Bb2 Nc6 6. d4 dxc4 7. Bxc4 cxd4 8. Nxd4
Bb4+ 9. Nd2 Nxd4 10. Bxd4 Ne4 11. O-O Nxd2 12. a3 Nxc4 13. axb4 e5 14. bxc4 exd4
15. exd4 O-O 16. d5 Re8 17. Qf3 Bd7 18. c5 Bb5 0-1

[Event "AUTO-ADV-4661"]
[Site "http://www.queenalice.com/game.php?id=1801766"]
[Date "2022.12.12"]
[Round "1"]
[White "nicassagne"]
[Black "Castling"]
[Result "1-0"]
[WhiteElo "2007"]
[BlackElo "1735"]

1. d4 d5 2. c4 e6 3. Nc3 Bb4 4. Nf3 h6 5. Bf4 Bxc3+ 6. bxc3 Nf6 7. e3 Ne4 8. Qc2
Nc6 9. Bd3 Nd6 10. c5 Ne4 11. Bxe4 dxe4 12. Qxe4 Qd5 13. Qxd5 exd5 14. Bxc7 O-O
15. Ne5 Nxe5 16. Bxe5 Be6 17. Kd2 Rfe8 18. Rhb1 b6 19. cxb6 axb6 20. Rxb6 Ra3
21. Bd6 Raa8 22. a4 Ra5 23. Bb4 Ra7 24. a5 Rea8 25. f3 f5 26. Rxe6 Ra6 27. Rxa6
Rxa6 28. Kd3 g5 29. c4 dxc4+ 30. Kxc4 Rc6+ 31. Kb5 Rc2 32. a6 1-0

[Event "AUTO-ADV-4661"]
[Site "http://www.queenalice.com/game.php?id=1801767"]
[Date "2022.12.12"]
[Round "1"]
[White "Castling"]
[Black "nicassagne"]
[Result "0-1"]
[WhiteElo "1727"]
[BlackElo "1958"]

1. e4 c5 2. Bc4 e6 3. Nf3 a6 4. Nc3 b5 5. Be2 Bb7 6. d3 Nc6 7. Be3 d5 8. exd5
exd5 9. Qd2 d4 10. Bg5 dxc3 11. Bxd8 cxd2+ 12. Nxd2 Rxd8 13. Ne4 Nd4 0-1

[Event "AUTO-INT-3782"]
[Site "http://www.queenalice.com/game.php?id=1804989"]
[Date "2023.1.29"]
[Round "2"]
[White "dosoldini"]
[Black "nicassagne"]
[Result "0-1"]
[WhiteElo "1462"]
[BlackElo "2030"]

1. e4 c5 2. c4 d6 3. Nc3 Nf6 4. Be2 Nc6 5. Nd5 Nxe4 6. Qa4 Bd7 7. Qb3 e6 8. Qe3
exd5 9. Bf3 Nb4 10. Kd1 Be7 11. Bxe4 dxe4 12. Qxe4 Bc6 13. Qg4 O-O 14. Nf3 Bf6
15. d4 Bxf3+ 16. gxf3 Bxd4 17. Bh6 Nd3 18. Kc2 Nxf2 19. Qg1 Re8 0-1

[Event "AUTO-INT-3782"]
[Site "http://www.queenalice.com/game.php?id=1804990"]
[Date "2023.1.29"]
[Round "2"]
[White "nicassagne"]
[Black "askasl159"]
[Result "1-0"]
[WhiteElo "2062"]
[BlackElo "1523"]

1. d4 d5 2. c4 c6 3. Nf3 Nf6 4. Nc3 Bg4 5. Ne5 Bf5 6. cxd5 Nxd5 7. e4 Nxc3 8.
bxc3 Bxe4 9. Qb3 Bd5 10. Qxb7 Nd7 11. Nxd7 g6 12. Nxf8 Kxf8 13. Bh6+ Kg8 14. c4
c5 15. Qxd5 1-0

[Event "AUTO-INT-3782"]
[Site "http://www.queenalice.com/game.php?id=1804991"]
[Date "2023.1.29"]
[Round "2"]
[White "askasl159"]
[Black "nicassagne"]
[Result "0-1"]
[WhiteElo "1546"]
[BlackElo "2073"]

1. e4 c5 2. b4 cxb4 3. Nf3 d5 4. e5 Bg4 5. Bb5+ Nc6 6. h3 Bxf3 7. Qxf3 e6 8. d4
Ne7 9. O-O Qb6 10. Bxc6+ Nxc6 11. Bb2 Nxd4 12. Bxd4 Qxd4 13. c3 Qxe5 14. Nd2 Bd6
15. g3 bxc3 16. Nb3 O-O 17. Rfe1 Qf6 18. Qd3 Rac8 19. Rac1 Bc5 20. Re2 d4 21.
Re4 Rfd8 22. a4 Ba3 23. Rc2 e5 24. Na5 Qa6 25. Qxa6 bxa6 26. Rxe5 d3 27. Ra2 d2
28. Ra1 d1=Q+ 29. Rxd1 Rxd1+ 30. Kg2 c2 31. Nb3 Rd3 32. Re3 Rxe3 0-1

[Event "Challenge"]
[Site "http://www.queenalice.com/game.php?id=1805521"]
[Date "2023.2.4"]
[Round "-"]
[White "nicassagne"]
[Black "Hendrik1"]
[Result "1-0"]
[WhiteElo "2030"]
[BlackElo "2186"]

1. d4 Na6 2. e4 c6 3. Nf3 Nc7 4. c4 e6 5. Nc3 d5 6. Bd3 dxc4 7. Bxc4 Nf6 8. O-O
b6 9. Bf4 b5 10. Bd3 Bb7 11. Qc2 a6 12. Rac1 Be7 13. Rfd1 Nd7 14. d5 cxd5 15.
Ne2 Nc5 16. b4 dxe4 17. Bxb5+ Nxb5 18. Rxd8+ Rxd8 19. bxc5 exf3 20. c6 Bc8 21.
gxf3 Na3 22. Qb3 O-O 23. Rd1 Rxd1+ 24. Qxd1 Nb5 25. a4 Nd6 26. Bxd6 Rd8 27. Qb3
Bxd6 28. Qb6 Be5 29. Qxd8# 1-0